Breastfeeding and Mothering in Antiquity and Early Byzantium (Record no. 80996)

MARC details
000 -LEADER
fixed length control field 03143namaa2200445uu 4500
001 - CONTROL NUMBER
control field doab121828
003 - CONTROL NUMBER IDENTIFIER
control field oapen
005 - DATE AND TIME OF LATEST TRANSACTION
control field 20260218110430.0
006 - FIXED-LENGTH DATA ELEMENTS--ADDITIONAL MATERIAL CHARACTERISTICS
fixed length control field m o d
007 - PHYSICAL DESCRIPTION FIXED FIELD--GENERAL INFORMATION
fixed length control field cr|mn|---annan
008 - FIXED-LENGTH DATA ELEMENTS--GENERAL INFORMATION
fixed length control field 231117s2024 xx |||||o ||| 0|eng d
020 ## - INTERNATIONAL STANDARD BOOK NUMBER
International Standard Book Number 9781000997439
020 ## - INTERNATIONAL STANDARD BOOK NUMBER
International Standard Book Number 9781003265658
020 ## - INTERNATIONAL STANDARD BOOK NUMBER
International Standard Book Number 9781003265658
020 ## - INTERNATIONAL STANDARD BOOK NUMBER
International Standard Book Number 9781032208756
020 ## - INTERNATIONAL STANDARD BOOK NUMBER
International Standard Book Number 9781032208763
024 7# - OTHER STANDARD IDENTIFIER
Standard number or code 10.4324/9781003265658
Source of number or code doi
040 ## - CATALOGING SOURCE
Original cataloging agency oapen
Transcribing agency oapen
Modifying agency
041 0# - LANGUAGE CODE
Language code of text/sound track or separate title eng
042 ## - AUTHENTICATION CODE
Authentication code dc
245 00 - TITLE STATEMENT
Title Breastfeeding and Mothering in Antiquity and Early Byzantium
260 ## - PUBLICATION, DISTRIBUTION, ETC.
Name of publisher, distributor, etc. Taylor & Francis
Date of publication, distribution, etc. 2024
300 ## - PHYSICAL DESCRIPTION
Extent 1 online resource (288 p.)
336 ## - CONTENT TYPE
Content type term text
Content type code txt
Source rdacontent
337 ## - MEDIA TYPE
Media type term computer
Media type code c
Source rdamedia
338 ## - CARRIER TYPE
Carrier type term online resource
Carrier type code cr
Source rdacarrier
490 1# - SERIES STATEMENT
Series statement Rethinking Development
506 0# - RESTRICTIONS ON ACCESS NOTE
Standardized terminology for access restriction Unrestricted online access
Source of term star
520 ## - SUMMARY, ETC.
Summary, etc. This volume offers the first comparative, interdisciplinary, and intercultural examination of the lactating woman - biological mother and othermother - in antiquity and early Byzantium. Adopting methodologies and knowledge deriving from a variety of disciplines, the volume's contributors investigate the close interrelationship between a woman and her lactating breasts, as well as the social, ideological, theological, and medical meanings and uses of motherhood, childbirth, and breastfeeding, along with their visual and literary representations. Breastfeeding and the work of mothering are explored through the study of a great variety of sources, mainly works of Greek-speaking cultures, written and visual, anonymous and eponymous, which were mostly produced between the first and the seventh century AD. Due to their multiple interdisciplinary dimensions, ancient and early Byzantine lactating women are approached through three interconnected thematic strands having a twofold focus: society and ideology, medicine and practice, and art and literature. By developing the model of the lactating woman, the volume offers a new analytical framework for understanding a significant part of the still unwritten cultural history of the period. At the same time, the volume significantly contributes to the emerging fields of breast and motherhood studies. The new and significant knowledge generated in the fields of ancient and Byzantine studies may also prove useful for cultural historians in general and other disciplines, such as literary studies, art history, history of medicine, philosophy, theology, sociology, anthropology, and gender studies.
540 ## - TERMS GOVERNING USE AND REPRODUCTION NOTE
Terms governing use and reproduction Creative Commons
-- by-nc-nd/4.0
-- cc
Uniform Resource Identifier <a href="http://creativecommons.org/licenses/by-nc-nd/4.0">http://creativecommons.org/licenses/by-nc-nd/4.0</a>
546 ## - LANGUAGE NOTE
Language note English
650 #7 - SUBJECT ADDED ENTRY--TOPICAL TERM
Topical term or geographic name entry element Humanities
Source of heading or term bicssc
720 1# - ADDED ENTRY--UNCONTROLLED NAME
Name Constantinou, Stavroula
Relator code edt
720 1# - ADDED ENTRY--UNCONTROLLED NAME
Name Constantinou, Stavroula
Relator code oth
720 1# - ADDED ENTRY--UNCONTROLLED NAME
Name Skouroumouni-Stavrinou, Aspasia
Relator code edt
720 1# - ADDED ENTRY--UNCONTROLLED NAME
Name Skouroumouni-Stavrinou, Aspasia
Relator code oth
793 0# -
-- DOAB Library.
856 ## - ELECTRONIC LOCATION AND ACCESS
Uniform Resource Identifier <a href="https://docs.google.com/spreadsheets/d/1yKIrdCPDAG_9c22mwoOIO2DOhtj65Wqa/edit?usp=sharing&ouid=106555315294820607512&rtpof=true&sd=true ">https://docs.google.com/spreadsheets/d/1yKIrdCPDAG_9c22mwoOIO2DOhtj65Wqa/edit?usp=sharing&ouid=106555315294820607512&rtpof=true&sd=true </a>
Link text List of Curated E-Books
942 ## - ADDED ENTRY ELEMENTS (KOHA)
Koha item type E-Book
Holdings
Withdrawn status Damaged status Not for loan Home library Current library Date acquired Total Checkouts Date last seen Price effective from Koha item type
      Directory of Open Access Books Directory of Open Access Books 12/09/2024   12/09/2024 12/09/2024 E-Book

University of Rizal System
Email us at univlibservices@urs.edu.ph

Visit our Website www.urs.edu.ph/library